Famous Last Words - Statistics

General Stats
  • This quiz has been taken 43 times
  • The average score is 7 of 20
Answer Stats
Year of Death Last words Person % Correct
44 BC "You too, my child?" Julius Caesar
77%
1821 AD “France, army, head of the army, Joséphine.” Napoleon Bonaparte
74%
2020 AD "I can't breathe" George Floyd
69%
1963 AD "No, you sure can't" John F. Kennedy
60%
33 AD "It is finished" Jesus
57%
1826 AD “Thomas Jefferson still survives.” John Adams
57%
323 BC "To the strongest" Alexander the Great
49%
1965 AD I’m bored with it all.” Winston Churchill
43%
1793 AD “Pardon me, sir, for I did it not on purpose.” Marie Antoinette
40%
1519 AD “I have offended God and mankind because my work did not reach the quality it should have.” Leonardo Da Vinci
34%
1967 AD “I know you have come to kill me. Shoot coward, you are only going to kill a man.” Che Guevara
31%
2011 AD “Oh wow. Oh wow. Oh wow.” Steve Jobs
31%
1790 AD “A dying man can do nothing easy.” Benjamin Franklin
23%
1961 AD “Goodnight my kitten.” Ernest Hemingway
17%
59 AD "Strike here! Level your rage against the womb which gave birth to such a monster." Agrippina the Younger
14%
1883 AD “Last words are for fools who haven’t said enough.” Karl Marx
14%
483 BC "All compounded things are subject to vanish. Strive with earnestness." Buddha
9%
1913 AD "I go away to prepare a place for you." Harriet Tubman
6%
1012 BC "Draw thy sword, and thrust me through therewith; lest these uncircumcised come and thrust me through, and abuse me." Saul, King of Israel
6%
1679 AD "Now I am about to take my last voyage, a great leap in the dark." Thomas Hobbes
3%
No matching quizzes found
Score Distribution
Percent of People with Each Score
Percentile by Number Answered
Your Score History
You have not taken this quiz